000 nam a22 7a 4500
999 _c127463
_d127463
008 180122b xxu||||| |||| 00| 0 eng d
050 _aPE-25-1
100 _aFink, Lila
_938793
245 _aChoices
_ba text for writing and reading
_cLila Fink et al...
260 _aBoston
_bLittle, Brown and company
_c1983
300 _axxii, 470p. ;
_c24cm.
650 _aCollege readers
_915937
650 _aEnglish language
_xRhetoric
_915935
942 _2lcc
_cMONOGRAPH